| 000 | 01963njm0a2200385 4500 | ||
|---|---|---|---|
| 001 | RU\NLR\ONIZ\224582 | ||
| 005 | 20250708192913.0 | ||
| 035 | _a(NLR Aleph) 011903650 | ||
| 035 | _aRU\NLR\ONIZ\GALA\5000033760\20181128104513 | ||
| 071 | 0 | 0 | _aХ-63872; Х-63874 |
| 090 |
_a13283750 _c13283750 |
||
| 100 | _a20181128f19001999|||y0rusy50 ca | ||
| 102 | _aRU | ||
| 126 |
_aaduxdxu ux _bxxx |
||
| 127 | _a000012 | ||
| 135 | _ahonoannnanndn | ||
| 200 | 1 |
_aУголокъ _bЗвукозапись _eцыганский романс _fШтейман _gисполн.: М. П. Комарова, исп-ца цыганскиъ романсовъ (Москва) |
|
| 210 |
_aРига _cZonophone record _d[19--] |
||
| 215 | _a1 грп.(12 мин): 78 об/мин, моно; 25 см, в конв. | ||
| 423 | 0 |
_12001#$aМолчи$f[Н. В.] Зубов$gсл. автора$gисполн.: М. П. Комарова _1686##$aЩ943.2-043.32(28)$vLBC/SL$2rubbk _1700#1$9z01790$aЗубов$bН.В.$gНиколай Владимирович$f1867-1907$4070 _1702#1$aКомарова$bМ. П.$gМария Петровна$4590$7ca _1790#1$9z01700$aZubov$bN. V.$gNikolai Vladimirovich'$f1867-1907$4070 _tМолчи _aЗубов, Николай Владимирович (1867-1907) |
|
| 606 | 1 |
_aИсполнители песен и цыганских романсов _xЗвукозапись _yРоссия _zнач. 20 в. _2nlr_sh |
|
| 686 |
_aЩ943.2-043.32(28) _vLBC/SL _2rubbk |
||
| 700 | 1 |
_9z02790 _aШтейман _bС.А. _4230 _7ca |
|
| 702 | 1 |
_9z01790 _aКомарова _bМ. П. _gМария Петровна _4590 _4vms _7ca |
|
| 790 | 1 |
_9z01702 _aKomarova _bM. _gMarija _4590 _4vms _7ba |
|
| 790 | 1 |
_9z02700 _aŠtejman _bS. A. _gS. A. _4230 _7ba |
|
| 801 | 0 |
_aRU _bNLR _c20181128 _gPSBO |
|
| 801 | 1 |
_aRU _bNLR _c20181128 _2rusmarc |
|
| 801 | 2 |
_aRU _bNLR _c20181128 |
|
| 852 |
_aNLR _bМг _j2к/2355 _p7668 _t1 |
||
| 942 | _cREC | ||
| 980 | _aNB | ||
| 980 | _aONIZ | ||